000 01028nam a2200241 i 4500
001 128890
003 ES-MaACL
005 20240419153316.0
007 t|
008 070529s1968 sp ||||1| spa d
080 _a84-222"19"(082)
245 0 0 _aTeatro cómico francés contemporáneo /
_ctraducción de Lorenzo Andrinal, Jacinto Luis Guereña, Luis Hernández Alfonso ; prológo de Jacinto Luis Guereña ; selección de Arturo del Hoyo.
260 _aMadrid :
_bAguilar,
_c[1968]
300 _a362 p. :
_bil. ;
_c20 cm.
505 8 _aContiene: La otra cabaña / André Roussin -- El complejo de Filemón / Jean-Bernard Luc -- La cocina de los ángeles / Albert Husson -- El huevo / Felicien Marceau
650 4 _aTeatro francés-
_yS.XX.
_917362
700 1 _aAndrinal, Lorenzo.
_921678
700 0 _aGuereña, Jacinto Luis,
_d1915-2007
_960460
700 1 _aHoyo, Arturo del,
_d1917-2004
_964424
700 1 _aHernández Alfonso, Luis.
_962874
852 4 _aES-MaACL
_jC-35282
999 _c128890
_d128890